Normal view
MARC view
Entry Personal Name
001 - CONTROL NUMBER
- control field: 37298
003 - CONTROL NUMBER IDENTIFIER
- control field: AUA.1
005 - DATE AND TIME OF LATEST TRANSACTION
- control field: 20130606164214.0
008 - FIXED-LENGTH DATA ELEMENTS
- fixed length control field: 130606|||a|||||| | ||| d
040 ## - CATALOGING SOURCE
- Original cataloging agency: AUA.1
- Transcribing agency: AUA.1
100 ## - HEADING--PERSONAL NAME
- Personal name: K. Mohammed
- Relator term: Editor
670 ## - SOURCE DATA FOUND
- Source citation: Work cat.: (AUA.1): The International Symposium on Quran and Contemporary issues, 4th-5th Jun 2011